Every TPRR Character - Statistics

General Stats
  • This quiz has been taken 10 times
  • The average score is 184 of 232
Answer Stats
Hint Answer % Correct
Grand Re-Opening Balloon Boy
100%
Circus Baby Rentals Ballora
100%
Circus Baby Rentals Bidybab
100%
Circus Baby Rentals Bon-Bon
100%
Circus Baby Rentals Bonnet
100%
Freddy Fazbear's Pizza Bonnie
100%
Freddy Fazbear's Pizza Chica
100%
Circus Baby Rentals Circus Baby
100%
Freddy Fazbear's Pizza Cupcake
100%
Pizzeria Simulator El Chip
100%
Circus Baby Rentals Electrobab
100%
Grand Re-Opening Endo 02
100%
Freddy Fazbear's Pizza Endoskeleton
100%
Circus Baby Rentals Ennard
100%
Freddy Fazbear's Pizza Foxy
100%
Fredbear & Friends Fredbear
100%
Fredbear & Friends Freddles
100%
Freddy Fazbear's Pizza Freddy
100%
Pizzeria Simulator Funtime Chica
100%
Circus Baby Rentals Funtime Foxy
100%
Circus Baby Rentals Funtime Freddy
100%
The Pizzaplex Glamrock Freddy
100%
Virtual Experience Glitchtrap
100%
Freddy Fazbear's Pizza Golden Freddy
100%
Virtual Experience Grimm Foxy
100%
Fredbear & Friends Jack-O-Bonnie
100%
Fredbear & Friends Jack-O-Chica
100%
Grand Re-Opening JJ
100%
Pizzeria Simulator Lefty
100%
Circus Baby Rentals Lolbit
100%
Grand Re-Opening Mangle
100%
Grand Re-Opening Marionette
100%
Circus Baby Rentals Minireena
100%
Pizzeria Simulator Molten Freddy
100%
Pizzeria Simulator Mr. Hippo
100%
Murray's Costume Manor Mr/Mrs. Helpful
100%
Pizzeria Simulator Music Man
100%
Pizzeria Simulator Nedd Bear
100%
Fredbear & Friends Nightmare
100%
Fredbear & Friends Nightmare Balloon Boy
100%
Fredbear & Friends Nightmare Bonnie
100%
Fredbear & Friends Nightmare Chica
100%
Fredbear & Friends Nightmare Foxy
100%
Fredbear & Friends Nightmare Fredbear
100%
Fredbear & Friends Nightmare Freddy
100%
Fredbear & Friends Nightmare Mangle
100%
Fredbear & Friends Nightmarionne
100%
Pizzeria Simulator Orville Elephant
100%
Grand Re-Opening Paper Pals
100%
Virtual Experience Parts & Service Bonnie
100%
Virtual Experience Parts & Service Chica
100%
Virtual Experience Parts & Service Foxy
100%
Virtual Experience Parts & Service Freddy
100%
Fazbear's Fright Phantom Balloon Boy
100%
Fazbear's Fright Phantom Chica
100%
Fazbear's Fright Phantom Foxy
100%
Fazbear's Fright Phantom Freddy
100%
Fazbear's Fright Phantom Mangle
100%
Fazbear's Fright Phantom Marionette
100%
Virtual Experience Plushbaby
100%
Fredbear & Friends Plushtrap
100%
Pizzeria Simulator Prize King
100%
Fredbear & Friends Restored Bonnie
100%
Fredbear & Friends Restored Chica
100%
Fredbear & Friends Restored Foxy
100%
Fredbear & Friends Restored Freddy
100%
Fredbear & Friends Restored Marionette
100%
Pizzeria Simulator Rockstar Bonnie
100%
Pizzeria Simulator Rockstar Chica
100%
Pizzeria Simulator Rockstar Foxy
100%
Pizzeria Simulator Rockstar Freddy
100%
Pizzeria Simulator Rockstar Parrot
100%
Pizzeria Simulator Scrap Baby
100%
Pizzeria Simulator Scrap Trap
100%
Pizzeria Simulator Security Puppet
100%
Grand Re-Opening Shadow Bonnie (RWQFSFASXC)
100%
Grand Re-Opening Shadow Freddy
100%
Fredbear & Friends Spring Bonnie
100%
Fredbear & Friends Spring Endo
100%
Fazbear's Fright Springtrap
100%
Freddy Fazbear's Pizza Stuffed Freddy
100%
Cinematic Universe The Yellow Rabbit
100%
Grand Re-Opening Toy Bonnie
100%
Grand Re-Opening Toy Chica
100%
Grand Re-Opening Toy Freddy
100%
Grand Re-Opening Withered Bonnie
100%
Grand Re-Opening Withered Chica
100%
Grand Re-Opening Withered Foxy
100%
Grand Re-Opening Withered Freddy
100%
Grand Re-Opening Withered Golden Freddy
100%
Murray's Costume Manor Big Top
80%
Pizzeria Simulator Bucket Bob
80%
The Pizzaplex Burntrap
80%
Virtual Experience Captain Foxy
80%
Cinematic Universe Cinematic Balloon Boy
80%
Cinematic Universe Cinematic Bonnie
80%
Cinematic Universe Cinematic Chica
80%
Cinematic Universe Cinematic Foxy
80%
Cinematic Universe Cinematic Freddy
80%
Cinematic Universe Cinematic Golden Freddy
80%
Cinematic Universe Cinematic Shadow Freddy
80%
The Pizzaplex Daycare Attendant
80%
The Pizzaplex DJ Music Man
80%
Virtual Experience Dreadbear
80%
Circus Baby Rentals Exotic Butters
80%
Holidays / Misc Fingertrap
80%
Others Fredbear Plushy
80%
Virtual Experience Ghost Pirate Bonnie
80%
Virtual Experience Ghost Pirate Freddy
80%
The Pizzaplex Glamrock Bonnie
80%
The Pizzaplex Glamrock Chica
80%
The Pizzaplex Glamrock Endo
80%
The Pizzaplex Glamrock Helpy
80%
Pizzeria Simulator Happy Frog
80%
Pizzeria Simulator Helpy
80%
Murray's Costume Manor Jackie
80%
Circus Baby Rentals Magician & Little Joe
80%
Virtual Experience Mermaid Chica
80%
The Pizzaplex Montgomery Gator
80%
Pizzeria Simulator Mr. Can-Do
80%
Pizzeria Simulator Mr. Hugs
80%
Murray's Costume Manor Murray's Marvelous Clean-o-Vac
80%
The Pizzaplex Music Man Prototype
80%
The Pizzaplex M.X.E.S.
80%
Pizzeria Simulator No. 1 Crate
80%
Pizzeria Simulator Pan Stan
80%
Pizzeria Simulator Pig Patch
80%
Holidays / Misc Prime Freddy
80%
Murray's Costume Manor Prototype Bonnie
80%
Murray's Costume Manor Prototype Bub
80%
Murray's Costume Manor Prototype Chica
80%
Murray's Costume Manor Prototype Foxy
80%
Murray's Costume Manor Prototype Fredbear
80%
Murray's Costume Manor Prototype Freddy
80%
The Pizzaplex Prototype Glamrock Freddy
80%
Murray's Costume Manor Prototype Monty
80%
Murray's Costume Manor Prototype Springbonnie
80%
The Pizzaplex Roxanne Wolf
80%
The Pizzaplex Ruined Glamrock Chica
80%
The Pizzaplex Ruined Mimic
80%
The Pizzaplex Ruined Montgomery Gator
80%
The Pizzaplex Ruined Roxanne Wolf
80%
Holidays / Misc Shamrock Bon-Bon
80%
Holidays / Misc Shamrock Freddy
80%
Holidays / Misc Shamrock Funtime Freddy
80%
The Pizzaplex Staff Bot
80%
Murray's Costume Manor Swing Bee
80%
Murray's Costume Manor The Mimic
80%
Murray's Costume Manor The Protomimics
80%
The Pizzaplex The Tangle/Blob
80%
The Pizzaplex Vanny
80%
The Pizzaplex Wet Floor Sign Bot
80%
Virtual Experience Withered Bon-Bon
80%
Grand Re-Opening Withered Spring Bonnie
80%
Circus Baby Rentals Yenndo
80%
Virtual Experience Beacon Bonnie
60%
Fredbear & Friends Bite Victim's Toys
60%
Others Blacklight Toy Freddy & Co.
60%
Others Bringer
60%
Pizzeria Simulator Candy Cadet
60%
Holidays / Misc Candy Cane Chica
60%
Virtual Experience Carnie
60%
Holidays / Misc Chocolate Bonnet
60%
Holidays / Misc Chocolate Bonnie
60%
Cinematic Universe Cinematic Endo
60%
Cinematic Universe Cinematic Sparky
60%
Murray's Costume Manor Dollie
60%
The Pizzaplex Eclipse
60%
Murray's Costume Manor Elephant Mascot Suit
60%
Holidays / Misc Exotic Eggs
60%
Holidays / Misc Fazcoin Freddy
60%
Holidays / Misc Firework Freddy
60%
Holidays / Misc Ghost Bonnie
60%
Others Harbringer
60%
Holidays / Misc Headless Fazbear
60%
Others Hector
60%
Murray's Costume Manor Hedgehog Hudgie
60%
Virtual Experience Jack-O-Moon
60%
Murray's Costume Manor Lion Mascot Suit
60%
Murray's Costume Manor Lyrical Lemur
60%
Others M.O.U.S.E.
60%
Holidays / Misc Mummy Foxy
60%
Murray's Costume Manor Murray's Fantastic Digi-typer
60%
Virtual Experience Mystic Hippo
60%
Holidays / Misc Nightbear
60%
Holidays / Misc Nightburr Freezy
60%
Holidays / Misc Nightburr Frosty
60%
Murray's Costume Manor Party-Time Chica
60%
Murray's Costume Manor Penguin Mascot Suit
60%
Holidays / Misc Prime BB
60%
Holidays / Misc Prime Bonnie
60%
Holidays / Misc Prime Chica
60%
Holidays / Misc Prime Foxy
60%
Holidays / Misc Prime Fredbear
60%
Holidays / Misc Prime O' Bonnie
60%
Holidays / Misc Prime O' Chica
60%
Holidays / Misc Prime O' Freezy
60%
Holidays / Misc Prime O' Frosty
60%
Holidays / Misc Prime-time Foxy
60%
Holidays / Misc Purple Peep
60%
The Pizzaplex Ruined Candy Cadet
60%
Pizzeria Simulator Salvage Sign
60%
Virtual Experience Shadow Mangle
60%
Murray's Costume Manor Sharpay
60%
Murray's Costume Manor Sleepy Moon
60%
Holidays / Misc Snowman Bonnie
60%
Holidays / Misc Stocking Foxy
60%
Holidays / Misc Stop Motion Santa
60%
Murray's Costume Manor The Mycellium Men
60%
Others Torturer
60%
Others Tubular
60%
Murray's Costume Manor White Tiger
60%
Holidays / Misc Witch Chica
60%
Holidays / Misc Yellow Peep
60%
Others Blue Rockstar Parrot
40%
Others Builder Bear
40%
Others Campground Fredbear
40%
Others Chronosfear Hector
40%
Others Creativity Player
40%
Others Cuddles
40%
Holidays / Misc Elfmare Chica
40%
Holidays / Misc Endo Prime
40%
Others Exotic Beans Man Soup
40%
Others Fanster The Fan
40%
Holidays / Misc Fredguin
40%
Others Granica
40%
Holidays / Misc Nightbominable Snow-Bonnie
40%
Others Red Rockstar Parrot
40%
Others R.O.V
40%
Holidays / Misc Sin-Easter Bunny
40%
Others Cryopocolypse Hector
0%
Holidays / Misc Santa Feddy
0%
No matching quizzes found
Score Distribution
Percent of People with Each Score
Percentile by Number Answered
Your Score History
You have not taken this quiz